Apego adulto / (Record no. 117325)

MARC details
000 -CABECERA
campo de control de longitud fija 00763nam a2200241 a 4500
005 - FECHA Y HORA DE LA ÚLTIMA TRANSACCIÓN
campo de control 20251023063932.0
008 - ELEMENTOS DE LONGITUD FIJA--INFORMACIÓN GENERAL
campo de control de longitud fija 060606s2001 mx r 000 0 spa d
020 ## - NÚMERO INTERNACIONAL NORMALIZADO PARA LIBROS
Número Internacional Estándar del Libro 843301613X
035 ## - NÚMERO DE CONTROL DEL SISTEMA
Número de control de sistema UPN01000145178
049 ## - COLECCIÓN
Colección CG
050 #4 - SIGNATURA TOPOGRÁFICA DE LA BIBLIOTECA DEL CONGRESO
Número de clasificación BF575 A8.6
Número de documento/Ítem F4.2
100 1# - ASIENTO PRINCIPAL--NOMBRE PERSONAL
Nombre de persona Feeney, Judith
245 10 - MENCIÓN DE TÍTULO
Título Apego adulto /
Mención de responsabilidad, etc. Judith Feeney, Patricia Noller ; tr. Yolanda Gómez Ramírez.
260 ## - PUBLICACIÓN, DISTRIBUCIÓN, ETC.
Lugar de publicación, distribución, etc. Bilbao, Esp. :
Nombre del editor, distribuidor, etc. Desclée de Brouwer,
Fecha de publicación, distribución, etc. 2001.
300 ## - DESCRIPCIÓN FÍSICA
Extensión 170 p.
440 #0 - MENCIÓN DE SERIE/ASIENTO SECUNDARIO--TÍTULO
Título Biblioteca de Psicología ;
Designación de volumen o secuencia 111
534 ## - NOTA SOBRE LA VERSIÓN ORIGINAL
Frase introductoria Traducción de:
Mención de título del original Adult attachment
650 #2 - ASIENTO SECUNDARIO DE MATERIA - TERMINO TEMATICO
Término de materia o nombre geográfico como elemento de entrada Conducta de apego
9 (RLIN) 385
650 #0 - ASIENTO SECUNDARIO DE MATERIA - TERMINO TEMATICO
Término de materia o nombre geográfico como elemento de entrada Conducta de apego en los niños
9 (RLIN) 11480
650 #4 - ASIENTO SECUNDARIO DE MATERIA - TERMINO TEMATICO
Término de materia o nombre geográfico como elemento de entrada Relaciones interpersonales
9 (RLIN) 1551
700 1# - ASIENTO SECUNDARIO--NOMBRE DE PERSONAL
Nombre de persona Noller, Patricia,
Término indicativo de función/relación coaut.
905 ## - TIPO DE MATERIAL
Tipo de material Libro
Holdings
Estado de retiro Estado de pérdida Fuente del sistema de clasificación o colocación Estado dañado No para préstamo Código de colección Localización permanente Ubicación/localización actual Ubicación en estantería Fecha de adquisición Total de préstamos Clasificación Código de barras En préstamo Fecha visto por última vez Fecha del último préstamo Número de copia Tipo de ítem Koha
    Library of Congress Classification     Colección General Bib. Gregorio Torres Quintero Bib. Gregorio Torres Quintero Planta baja 20/10/2022 25 BF575 A8.6 F4.2 238389 02/05/2026 17/04/2026 17/04/2026 1 Libro